Interacciones terapeuticas (Record no. 6708)

MARC details
000 -LEADER
campo de control de longitud fija 00864nam a2200277 i 4500
001 - NÚMERO DE CONTROL
campo de control 6708
003 - IDENTIFICADOR DE NÚMERO DE CONTROL
campo de control ES-MaACL
005 - FECHA Y HORA DE LA ÚLTIMA TRANSACCIÓN
campo de control 20230906145047.0
007 - CAMPO FIJO DE DESCRIPCIÓN FÍSICA--INFORMACIÓN GENERAL
campo de control de longitud fija t|
008 - DATOS DE LONGITUD FIJA--INFORMACIÓN GENERAL
campo de control de longitud fija 900301s1989 sp ||||1| spa d
020 ## - NÚMERO INTERNACIONAL ESTÁNDAR DEL LIBRO
Número Internacional Estándar del Libro 84-86104-29-7
080 ## - NÚMERO DE LA CLASIFICACIÓN DECIMAL UNIVERSAL
Número de la Clasificación Decimal Universal 159.964.2
100 1# - ENTRADA PRINCIPAL--NOMBRE DE PERSONA
Nombre de persona Utrilla, Manuela.
9 (RLIN) 112337
245 10 - MENCIÓN DEL TÍTULO
Título Interacciones terapeuticas
Resto del título : fronteras psicoanaliticas /
Mención de responsabilidad, etc. Manuela Utrilla, Serge Lebovici, Jacques Cosnier.
260 ## - PUBLICACIÓN, DISTRIBUCIÓN, ETC.
Lugar de publicación, distribución, etc. Madrid :
Nombre del editor, distribuidor, etc. Tecnipublicaciones,
Fecha de publicación, distribución, etc. 1989.
300 ## - DESCRIPCIÓN FÍSICA
Extensión 185 p. ;
Dimensiones 23 cm.
490 1# - MENCIÓN DE SERIE
Mención de serie Continente-contenido ;
Designación de volumen o secuencia 22
500 ## - NOTA GENERAL
Nota general Indice.
504 ## - NOTA DE BIBLIOGRAFÍA, ETC.
Nota de bibliografía, etc. Bibliogr.: p. 179-185.
650 14 - PUNTO DE ACCESO ADICIONAL DE MATERIA--TÉRMINO DE MATERIA
Término de materia o nombre geográfico como elemento de entrada Psicoanálisis.
9 (RLIN) 16530
700 1# - ENTRADA AGREGADA--NOMBRE PERSONAL
Nombre de persona Lebovici, Serge.
9 (RLIN) 71028
700 1# - ENTRADA AGREGADA--NOMBRE PERSONAL
Nombre de persona Cosnier, Jacques.
9 (RLIN) 41001
830 0# - PUNTO DE ACCESO ADICIONAL DE SERIE-TÍTULO UNIFORME
Título uniforme Continente-contenido ;
Designación de volumen o secuencia 22
9 (RLIN) 177309
852 ## - LOCALIZACIÓN
Ubicación ES-MaACL
Número de control de estantería L-13896
Sublocalización o colección R.117500
Nota libre . - rust.
Holdings
Estatus retirado Estado de pérdida Estado de daño No para préstamo Biblioteca de origen Biblioteca actual Ubicación en estantería Fecha de adquisición Fuente de adquisición Total de préstamos Signatura topográfica completa Código de barras Visto por última vez Precio de reemplazo Tipo de ítem Koha
        Biblioteca del Ateneo de Madrid Biblioteca del Ateneo de Madrid Depósito 2 17/01/2008     L-13896 1006835 23/02/2023 23/02/2023 Libro impreso